Medaliści Mistrzostw Świata w Lotach Narciarskich 2026 - Statystyki

Ogólne statystyki
  • Ten quiz został rozwiązany 78 razy
  • Średni wynik to 13 z 15
Statystyki odpowiedzi
Konkurs Miejsce Reprezentancja Zawodnik % Poprawnych
Indywidualny 1. Słowenia Domen Prevc
100%
Drużynowy 1. Japonia Ryōyū Kobayashi
100%
2. Norwegia Marius Lindvik
95%
Marius Lindvik
95%
3. Japonia Ren Nikaidō
94%
Ren Nikaidō
94%
Stefan Kraft
94%
Jan Hoerl
87%
3. Norwegia Johann André Forfang
87%
Naoki Nakamura
83%
2. Austria Stephan Embacher
83%
Tomofumi Naitō
83%
Kristoffer Eriksen Sundal
79%
Manuel Fettner
76%
Benjamin Østvold
44%
Nie znaleziono quizów pasujących do podanych kryteriów
Rozkład punktacji
Procent ludzi z każdym wynikiem
Percentyl według liczby udzielonych odpowiedzi
Twoja historia wyników
Nie rozwiązałeś tego quizu